1164 1873 1047 1415 1167 1863 1640 1732 1756 1880 1668 1909 1563 1843 1112 1224 1348 1786 1090 1794 1695 1642 1482 1946 1983 1901 1850 1139 1365 1949 1199 1754 1269 1943 1741 1616 1393 1770 1632 1113 1540 1263 1824 1802 1386 1665 1923 1133 1960 1551 1813 1135 1425 1080 1620 1670 1208 1549 1337 1219 1101 1309 1303 1215 1518 1963 1933 1536 1003 1414 1811 1784 1017 1050 1684 1077 1153 1808 1830 1720 1790 1679 1781 1080 1833 1408 1578 1662 1524 1950 1982 1993 1414 1592 1824 1592 1994 1335 1486 BCNSPRNW ULIB Ver.6.0+V

เปลี่ยนเป็นภาษาไทย

Change to English
 แสดงรายละเอียดบรรณานุกรม
  กลับหน้าหลัก

Brief Record : Get Marc (ISO 2709) : E-mail record : QR code < ปิดหน้าต่าง
LEADER : 00000nam 2200000uu 4500
001    13399124341
003     ULIB
008    150511s2556||||th 000 0 tha d
020    ^a9786167073804
050 04 ^aPL4185^bพ12ร
110 1  ^aราชบัณฑิตยสถาน
245 00 ^aพจนานุกรมฉบับราชบัณฑิตยสถาน พ.ศ. 2554 :^bเฉลิมพระเกียรติพระบาทสมเด็จพระเจ้าอยู่หัวเนื่องในโอกาสพระราชพิธีมหามงคลเฉลิมพระชนมพรรษา 7 รอบ 5 ธันวาคม 2554 /^cราชบัณฑิตยสถาน
250    ^aพิมพ์ครั้งที่ 2
260    ^aกรุงเทพฯ :^bราชบัณฑิตยสถาน,^c2556
300    ^aก-ฝ, 1484 หน้า :^bภาพประกอบ (สี และขาวดำ) ; 26 ซม
500 เฉ ^aลิมพระเกียรติพระบาทสมเด็จพระเจ้าอยู่หัวเนื่องในโอกาสพระราชพิธีมหามงคลเฉลิมพระชนมพรรษา 7 รอบ 5 ธันวาคม 2554
650 2  ^aThai Language^xDictionaries
650  7 ^aภาษาไทย^xพจนานุกรม
945    ^p750^l0^i039382
945    ^p750^l0^i039383
999    ^aเกษร โพธิ์สุวรรณ
รายการนี้ยังไม่มีแท็ก
คุณยังไม่ได้ล็อกอิน คุณสามารถมีกิจกรรมร่วมกับเว็บไซต์ได้ แต่ต้องล็อกอินก่อน ::
  ล็อกอิน

รายการสื่อสารสนเทศ

ลำดับที่ ประเภท เลขเรียก/บาร์โค้ด สถานที่ สถานะ
1. การศึกษาทั่วไป
หนังสือสำรอง
สถานะ=หนังสือสำรอง
PL4185 พ12ร ฉ.1 
  Barcode: 039382
ห้องสมุดวิทยาเขตนครสวรรค์
►หนังสือทั่วไป:l:General Books
บนชั้น
2. การศึกษาทั่วไป
การศึกษาทั่วไป
PL4185 พ12ร ฉ.2 
  Barcode: 039383
ห้องสมุดวิทยาเขตนครสวรรค์
►หนังสือทั่วไป:l:General Books
บนชั้น

BibComment


ยังไม่เคยถูกคอมเมนท์

คอมเมนท์ทรัพยากรรายการนี้
  คอมเมนท์: พจนานุกรมฉบับราช..


 Copyright 2026. Bcnsprnw @Library